| 000 | 00745pab a2200157 454500 | ||
|---|---|---|---|
| 008 | 180718b2002 xxu||||| |||| 00| 0 eng d | ||
| 245 | _aASSEMBLY elections 2002: under the shadow of fear | ||
| 260 | _c2002 | ||
| 300 | _ap.4357-360. | ||
| 362 | _a26 Oct | ||
| 520 | _aThe Jammu and Kashmir elections held in four phases between the months of September and October faced the constant threat of disruption from militant attacks. However, as this report based on a teamwide study conduced by the ISS across 14 districtsw reveals, the elections threw up a few welcome surprises. - Reproduced. | ||
| 650 | _aJammu and Kashmir. Legislative Assembly - Elections | ||
| 650 | _aElections | ||
| 773 | _aEconomic and Political Weekly | ||
| 909 | _a54246 | ||
| 999 |
_c54246 _d54246 |
||